Les quartiers de Rennes - Statistiques

Statistiques générales
  • Ce quiz a été pris 154 fois
  • Le résultat moyen est 16 sur 22
Answers on the Grid
Answers color-coded by a green-red scale on the quiz's grid according to % correct below.
Bourg l'Evêque
Sud Gare
Villejean
La Bellangerais
Bouffay
Beaulieu
Moulin du Comte
Le Marais
Arsenal-Redon
Saint-Martin
Longs-Champs
Sainte-Eulalie
Patton
Le Blosne
Les Grands-Carmes
Lambézellec
Maurepas
Beauregard
La Touche
La Courrouze
Les Gayeulles
La Pommeraie
Jeanne d'Arc
Ménilmontant
Thabor
Chantenay
Baumettes
Saint-Hélier
Bréquigny
Cleunay
 
Statistiques - réponses
Réponse % Correct
Villejean
96%
Beaulieu
94%
Le Blosne
89%
Bréquigny
87%
Thabor
85%
Maurepas
84%
Cleunay
83%
Les Gayeulles
83%
Sud Gare
83%
Beauregard
81%
Saint-Hélier
80%
Arsenal-Redon
78%
Saint-Martin
73%
Bourg l'Evêque
72%
La Courrouze
72%
Patton
68%
Jeanne d'Arc
67%
Longs-Champs
62%
La Bellangerais
59%
La Pommeraie
56%
La Touche
54%
Moulin du Comte
40%
Aucun quiz correspondant
Distribution des résultats
% des personnes avec chaque résultat
Percentile par nombre de réponses
Votre historique - résultats
Vous n’avez pas pris ce quiz